လၢႆးယူတ်းယႃထုင်းၵဝ်ႇၶူးသြႃႇၸီႇဝၵ။ (Record no. 23996)

000 -LEADER
fixed length control field 01058nam a22002297a 4500
003 - CONTROL NUMBER IDENTIFIER
control field OSt
005 - DATE AND TIME OF LATEST TRANSACTION
control field 20260122195909.0
008 - FIXED-LENGTH DATA ELEMENTS--GENERAL INFORMATION
fixed length control field 230414b ||||| |||| 00| 0 eng d
040 ## - CATALOGING SOURCE
Transcribing agency Ost
041 ## - LANGUAGE CODE
Language code of text/sound track or separate title Shan
082 ## - DEWEY DECIMAL CLASSIFICATION NUMBER
Classification number 615.8
245 ## - TITLE STATEMENT
Title လၢႆးယူတ်းယႃထုင်းၵဝ်ႇၶူးသြႃႇၸီႇဝၵ။
Statement of responsibility, etc. လုင်းၸၢမ်ႇမျ ႁွင်ႉ လုင်းငိုၼ်းၾႃႉ (သႅၼ်ဝီ) ၶပ်းၶိုင်၊ သြႃႇၶမ်းၶွင်ႇ (လၢင်းၶိူဝ်း) မေးတႅမ်ႈ-
260 ## - PUBLICATION, DISTRIBUTION, ETC.
Place of publication, distribution, etc. သႅၼ်ဝီ
Date of publication, distribution, etc. 2005
300 ## - PHYSICAL DESCRIPTION
Extent 176 ၼႃႈ
Dimensions 21 ၸိၼ်ႇထီႇ
500 ## - GENERAL NOTE
General note S-SAT: Dr. Prof Sai Aung Tun
General note ပပ်ႉၸဝ်ႈတႃႇၼႁင်းၶေႃ တွၵ်ႉတိူဝ်ႇၸၢႆးဢွင်ႇထုၼ်း
504 ## - BIBLIOGRAPHY, ETC. NOTE
Bibliography, etc. note ပႃးၽိုၼ်ဢိင်
650 ## - SUBJECT ADDED ENTRY--TOPICAL TERM
Topical term or geographic name entry element ယႃႈယႃပိၼ်းတေႃး
942 ## - ADDED ENTRY ELEMENTS (KOHA)
Koha item type Book (Short term)
650 ## - SUBJECT ADDED ENTRY--TOPICAL TERM
9 (RLIN) 21937
Source of classification or shelving scheme
Source of classification or shelving scheme
Holdings
Withdrawn status Lost status Source of classification or shelving scheme Damaged status Not for loan Collection Code Permanent Location Current Location Shelving location Date acquired Total Checkouts Total Renewals Full call number Barcode Date last seen Date last checked out Copy number Price effective from Koha item type Accession
          Special Collections Shan State Buddhist University Library Shan State Buddhist University Library Special Collection Shelves 14/04/2023 3 2 615.8 လၢႆး ႑႗႔႘ S-SAT SH00001748 10/02/2025 23/01/2025 1 14/04/2023 Book (Short term) ႑႗႔႘ S-SAT
          Tai Collection Shan State Buddhist University Library Shan State Buddhist University Library Tai Shelves 14/04/2023 2   615.8 လၢႆး ႓႙႖႙ SH00003969 10/02/2026 27/01/2026 2 14/04/2023 Book (Short term) ႓႙႖႙

Library - 09407999929
Admin Office - 09407999979
Dean Office - 09250910768
Registrar Office - 09892297154
Email - [email protected]
Shan State Buddhist University, Phaya Phyu Taunggyi, Shan State, Myanmar.